000 00536nam a2200169 i 4500
001 87206
003 ES-MaACL
005 20230906175622.0
007 t|
008 041220s1932 fr ||||1| fre d
100 1 _aKnickerbocker, H. R.
_968338
245 1 0 _aCommerce rouge U.R.S.S. contre Europe /
_cH.R. Knickerbocker ; traduit de l'anglais par Alice Cuenord.
260 _aParĂ­s :
_bErnest Flammarion,
_c1932 (
_eLagny :
_fE. Grevin)
300 _a282 p. ;
_c19 cm.
700 1 _aCuenord, Alice.
_942012
852 _aES-MaACL
_jA-669
999 _c87206
_d87206